Accounting concepts & applications / (Record no. 5877)

MARC details
000 -LEADER
fixed length control field 00790cam a22002412 4500
001 - CONTROL NUMBER
control field 0000002482
005 - DATE AND TIME OF LATEST TRANSACTION
control field 20151217151855.0
008 - FIXED-LENGTH DATA ELEMENTS--GENERAL INFORMATION
fixed length control field 070411s xx 000 0 eng d
020 ## - INTERNATIONAL STANDARD BOOK NUMBER
International Standard Book Number 0324066694 (Text and CD) :
020 ## - INTERNATIONAL STANDARD BOOK NUMBER
International Standard Book Number 0324111703 (Text only)
040 ## - CATALOGING SOURCE
Original cataloging agency KABU
Transcribing agency KABU
050 #0 - LIBRARY OF CONGRESS CALL NUMBER
Classification number HF5635
Item number .A23 2002
245 10 - TITLE STATEMENT
Title Accounting concepts & applications /
Statement of responsibility, etc. W. Steve Albrecht .... [et al.]
250 ## - EDITION STATEMENT
Edition statement 8th ed.
260 ## - PUBLICATION, DISTRIBUTION, ETC. (IMPRINT)
Place of publication, distribution, etc. Cincinnati, Ohio :
Name of publisher, distributor, etc. South-Western,
Date of publication, distribution, etc. c2002.
300 ## - PHYSICAL DESCRIPTION
Extent 1 v. (various pagings) :
Other physical details col. ill. ;
Dimensions 29 cm.
504 ## - BIBLIOGRAPHY, ETC. NOTE
Bibliography, etc Includes bibliographical references and indexes.
650 #0 - SUBJECT ADDED ENTRY--TOPICAL TERM
Topical term or geographic name as entry element Accounting.
-- 0000148321
700 1# - ADDED ENTRY--PERSONAL NAME
Personal name Albrecht, W. Steve.
-- 0000151846
908 ## - PUT COMMAND PARAMETER (RLIN)
Put command parameter 070411
950 ## - LOCAL HOLDINGS (RLIN)
-- 1
Holdings
Withdrawn status Lost status Source of classification or shelving scheme Not for loan Home library Current library Date acquired Total Checkouts Full call number Barcode Date last seen Price effective from Koha item type
    Library of Congress Classification   Kabarak, Main Campus Kabarak, Main Campus 17/12/2015   HF5635 .A23 2002 002591 02/08/2024 17/12/2015 General Collection
Designed with assistance from East African Informatics Ltd